000 00919nam a2200229Ii 4500
003 JO-AjNU
008 230605s9999||||xx |||||||||||||| ||und||
017 _a2009/12/5027
020 _a978-9957-07-740-2
040 _aJO-AjNU
_bara
_erda
_cJO-AjNU
041 _aara
050 1 4 _aLC4019.3.R3812 2011
100 3 _aدعنا، زينات بوسف مترجمة/طبال، سهى مراجع/Raver,Sharon A مؤلف,
_eauthor
_942937
245 0 0 _aالتربية الخاصة في مرحلة الطفولة المبكرة من الولادة وحتى ثمانية سنوات إستراتيجيات لنتاجات إيجابية
250 _aط1
264 3 1 _aعمان:دار الفكر،2011
300 _a511ص
336 _atext
_btxt
_2rdacontent
337 _aunmediated
_bn
_2rdamedia
338 _avolume
_bnc
_2rdacarrier
650 4 _aالتعليم الخاص-التربي-رعاية الطفولة
_942938
999 _aA18422
_c21990
_d21990